|
|
|
|
| LEADER |
00932nam a22002417a 4500 |
| 001 |
36242 |
| 003 |
BD-DhAAL |
| 005 |
20211206112547.0 |
| 008 |
200113r20041989ii a|||| |||| 00| 0 eng d |
| 999 |
|
|
|c 42141
|d 42141
|
| 040 |
|
|
|a BD-DhAAL
|
| 082 |
|
|
|a 510
|2 23
|
| 100 |
|
|
|a Sinhal, O. P.
|9 38910
|
| 245 |
|
|
|a A textbook of mathematics.
|n class VII /
|c O. P. Sinhal
|
| 260 |
|
|
|a Mumbai :
|b General Printers,
|c 1989 [reprinted 2004]
|
| 300 |
|
|
|a xiii, 220 pages :
|b illustrations ;
|c 26 cm
|
| 526 |
|
|
|a BIED
|
| 541 |
|
|
|a Complimentary copy from BIED
|e 36242
|
| 650 |
|
|
|a Mathematics
|x Textbook.
|9 35780
|
| 650 |
|
|
|a Mathematics
|x Study and teaching.
|9 38911
|
| 852 |
|
|
|a Ayesha Abed Library
|b BIED Collection
|
| 942 |
|
|
|2 ddc
|c BK
|
| 952 |
|
|
|0 0
|1 0
|2 ddc
|4 0
|6 510_000000000000000_SIN
|7 0
|9 67705
|a BRACUL
|b BRACUL
|c GEN
|d 2020-01-13
|e Complimentary copy from BIED
|l 0
|o 510 SIN
|p 3010036242
|r 2020-01-13
|t 1
|w 2020-01-13
|y BK
|x Transferred from BIED to General Stacks
|